书目信息 |
| 题名: |
吕思勉隋唐五代史
|
|
| 作者: | 吕思勉 著 | |
| 分册: | 下 | |
| 出版信息: | 长春 吉林人民出版社 2013.6 |
|
| 页数: | 3册 (1088页) | |
| 开本: | 24cm | |
| 丛书名: | 中国学术文化名著文库 | |
| 单 册: | ||
| 中图分类: | K240.7 | |
| 科图分类: | ||
| 主题词: | 古代史--Gu Dai Shi--研究--隋唐时代 , 研究--Yan Jiu | |
| 电子资源: | ||
| ISBN: | 978-7-206-09499-6 | |
| 000 | 00954nam0 22002771 450 | |
| 001 | 351036 | |
| 005 | 20161013094347.68 | |
| 010 | @a978-7-206-09499-6@dCNY46.68 (全3册140.00) | |
| 100 | @a20140520d2013 em y0chiy50 ea | |
| 101 | 0 | @achi |
| 102 | @aCN@b220000 | |
| 105 | @ay z 000yy | |
| 106 | @ar | |
| 200 | 1 | @a吕思勉隋唐五代史@ALv Si Mian Sui Tang Wu Dai Shi@h下@f吕思勉著 |
| 210 | @a长春@c吉林人民出版社@d2013.6 | |
| 215 | @a3册 (1088页)@d24cm | |
| 225 | 2 | @a中国学术文化名著文库@AZhong Guo Xue Shu Wen Hua Ming Zhu Wen Ku |
| 304 | @a责任者取自版权页 | |
| 330 | @a本书共分为二十章,主要内容包括: 总论 ; 隋室兴亡 ; 唐之初盛 ; 武韦之乱 ; 开元天宝治乱 ; 安史乱后形势 ; 德宗事迹等。 | |
| 461 | 0 | @12001 @a中国学术文化名著文库 |
| 606 | 0 | @a古代史@AGu Dai Shi@x研究@z隋唐时代 |
| 606 | 0 | @a研究@AYan Jiu |
| 690 | @aK240.7@v5 | |
| 701 | 0 | @a吕思勉@ALv Si Mian@4著 |
| 801 | 0 | @aCN@bTANGWEI@c20160811 |
| 905 | @b0892833-5@dK240.7@e31:3@f3 | |
| 吕思勉隋唐五代史.下/吕思勉著.-长春:吉林人民出版社,2013.6 |
| 3册 (1088页);24cm.-(中国学术文化名著文库) |
| ISBN 978-7-206-09499-6:CNY46.68 (全3册140.00) |
| 本书共分为二十章,主要内容包括: 总论 ; 隋室兴亡 ; 唐之初盛 ; 武韦之乱 ; 开元天宝治乱 ; 安史乱后形势 ; 德宗事迹等。 |
| ● |
| 相关链接 |
|
|
|
|
正题名:吕思勉隋唐五代史
索取号:K240.7/31:3
 
预约/预借
| 序号 | 登录号 | 条形码 | 馆藏地/架位号 | 状态 | 备注 |
| 1 | 0892833 | 208928339 | 第二样本阅览室/ [索取号:K240.7/31:3] | 在馆 | |
| 2 | 0892834 | 208928348 | 第二借阅区/ [索取号:K240.7/31:3] | 在馆 | |
| 3 | 0892835 | 208928357 | 密集书库-史法系/ [索取号:K240.7/31:3] | 在馆 |